| 000 | 01064nam a22003617a 4500 | ||
|---|---|---|---|
| 003 | OSt | ||
| 005 | 20251006110040.0 | ||
| 007 | ta | ||
| 008 | 251006s2025 ag ||||| |||| 00| 0 spa d | ||
| 020 | _a9789915684420 | ||
| 040 | _ccj catamarca | ||
| 082 | _a343.222.4 B548 | ||
| 100 | 1 | 0 |
_9285 _aBerruezo, Rafael _edirector |
| 245 | 1 | 0 | _aImputacion objetiva en el derecho penal |
| 250 | _a1º ed. | ||
| 260 |
_aMontevideo, Bs. As.; _bB de F, _c2025 |
||
| 300 |
_aV.3, 176 p. _c23 cm |
||
| 490 |
_aCuadernos practicos _v3 |
||
| 500 | _aINVENTARIO Nº 8114 | ||
| 650 | 7 | _2SAIJ | |
| 653 | _aDERECHO PENAL | ||
| 653 | _aIMPUTACION PENAL | ||
| 653 | _aCAUSALISMO | ||
| 653 | _aIMPUTACION OBJETIVA | ||
| 653 | _aPROHIBICION-REGRESO | ||
| 653 | _aPUNIBILIDAD PARTICIPE-FUNDAMENTO | ||
| 653 | _aPRINCIPIO DE CONFIANZA | ||
| 653 | _aLAVADO DE ACTIVOS | ||
| 653 | _aRESPONSABILIDAD PENAL-ABOGADO | ||
| 700 | 1 | 0 |
_9288 _aTisnado Solis, Luis |
| 856 | _uhttps://drive.google.com/file/d/1kjV2kgv2XN0RYvP2f58LCKMAhPPCdKlt/view?usp=sharing | ||
| 942 |
_2ddc _cBK _n0 |
||
| 999 |
_c6497 _d6497 |
||